[Event "Chigorin Memorial 2012"]
[Site "St Petersburg RUS"]
[Date "2012.10.30"]
[Round "4"]
[White "Shchukin, D."]
[Black "Shirov, A."]
[Result "0-1"]
[WhiteElo "2348"]
[BlackElo "2718"]
[PlyCount "62"]
[EventDate "2012.10.27"]

1. c4 e5 2. g3 Nc6 3. Bg2 g6 4. Nc3 Bg7 5. e3 d6 6. Nge2 h5 7. d4 h4 8. b4 h3
9. Bxc6+ bxc6 10. O-O exd4 11. exd4 Nh6 12. d5 cxd5 13. Bxh6 Rxh6 14. Nxd5 Bxa1
15. Qxa1 Kf8 16. Nd4 Bb7 17. Qc1 Rh7 18. Qf4 Kg7 19. b5 Bxd5 20. cxd5 Rh5 21.
Nc6 Qf6 22. Qxf6+ Kxf6 23. Nb4 Re8 24. f4 Re2 25. Rf2 Re1+ 26. Rf1 Rxf1+ 27.
Kxf1 Kf5 28. Ke2 Ke4 29. a4 Rxd5 30. Nxd5 Kxd5 31. Kd3 f5 0-1

[Event "Chigorin Memorial 2012"]
[Site "St Petersburg RUS"]
[Date "2012.10.30"]
[Round "4"]
[White "Almasi, Z."]
[Black "Cheremnova, T."]
[Result "1-0"]
[WhiteElo "2707"]
[BlackElo "2235"]
[PlyCount "69"]
[EventDate "2012.10.27"]

1. e4 c6 2. Nc3 d5 3. Nf3 Nf6 4. e5 Ne4 5. Ne2 Qb6 6. d4 e6 7. Ng3 c5 8. c3 Nc6
9. Bd3 Nxg3 10. hxg3 cxd4 11. cxd4 Bd7 12. Be2 Bb4+ 13. Kf1 Be7 14. Rb1 a5 15.
g4 h6 16. Be3 O-O-O 17. a3 Na7 18. b4 axb4 19. Bd2 Bb5 20. Bxb4 Bxe2+ 21. Qxe2
Nc6 22. Rc1 Bxb4 23. axb4 Kd7 24. g3 Nxb4 25. Rb1 Rc8 26. Kg2 Rc4 27. Qd2 Ra8
28. Rb3 Ra4 29. g5 Qd8 30. gxh6 gxh6 31. Rxh6 Ra2 32. Qf4 Qf8 33. Rf6 Ke8 34.
Ng5 Rcc2 35. Nxf7 1-0

[Event "Chigorin Memorial 2012"]
[Site "St Petersburg RUS"]
[Date "2012.10.31"]
[Round "5"]
[White "Ipatov, Alexander"]
[Black "Areshchenko, A."]
[Result "0-1"]
[WhiteElo "2591"]
[BlackElo "2710"]
[PlyCount "164"]
[EventDate "2012.10.27"]

1. d4 Nf6 2. c4 g6 3. g3 Bg7 4. Bg2 d5 5. cxd5 Nxd5 6. Nf3 Nb6 7. Nc3 Nc6 8. e3
O-O 9. O-O Re8 10. Re1 a5 11. Qc2 Bd7 12. Rd1 Qc8 13. e4 Bg4 14. Nb5 a4 15. Be3
Ra5 16. Qe2 e5 17. d5 Nd4 18. Nbxd4 exd4 19. Bxd4 Bxd4 20. Rxd4 Rxd5 21. Rxd5
Nxd5 22. Qc2 Nb6 23. Rc1 Qe6 24. b3 axb3 25. axb3 c6 26. Qc3 Bxf3 27. Bxf3 Nd7
28. Bg2 Nf6 29. Re1 Rd8 30. h3 Ne8 31. Qa5 Rd3 32. b4 Qd7 33. Qa8 Rb3 34. e5
Rxb4 35. Bf3 Kg7 36. Rd1 Qf5 37. Bxc6 Nc7 38. Qa5 Rb2 39. Rf1 b6 40. Qe1 Ne6
41. Bg2 h5 42. Qc3 Re2 43. Qb4 Qxe5 44. Qxb6 h4 45. Qb3 Nd4 46. Qd3 hxg3 47.
Qxg3 Qf6 48. Kh1 Ne6 49. Qf3 Nf4 50. Rc1 Qd4 51. Rf1 Rd2 52. Qe4 Qd6 53. Qc6
Qe5 54. Qe4 Qf6 55. Qc6 Qg5 56. Qc3+ Kh7 57. Qg3 Qf6 58. Qf3 Rd3 59. Qg4 Ne6
60. Qe2 Qd4 61. Qg4 Nf4 62. Kg1 Kg7 63. Kh1 Ra3 64. Qd1 Qf6 65. Qg4 Ra5 66. Qf3
Rg5 67. Rg1 Rf5 68. Qd1 Ne6 69. Qa1 Qxa1 70. Rxa1 Rxf2 71. Kg1 Rb2 72. Ra4 Kf6
73. Kh2 Rd2 74. Kg3 Rd3+ 75. Kh2 Ke5 76. Ra5+ Kf4 77. Ra4+ Nd4 78. Ra6 Kg5 79.
Ra8 Rd2 80. Kg1 Ne2+ 81. Kh1 Nf4 82. Bf1 Rd1 0-1

[Event "Chigorin Memorial 2012"]
[Site "St Petersburg RUS"]
[Date "2012.10.31"]
[Round "5"]
[White "Zhigalko, A."]
[Black "Vitiugov, N."]
[Result "0-1"]
[WhiteElo "2582"]
[BlackElo "2691"]
[PlyCount "106"]
[EventDate "2012.10.27"]

1. c4 e5 2. g3 Nc6 3. Bg2 g6 4. Nc3 Bg7 5. Nf3 d6 6. O-O f5 7. d3 Nf6 8. Rb1 a5
9. a3 O-O 10. b4 axb4 11. axb4 h6 12. b5 Ne7 13. Bb2 Be6 14. Ra1 Qd7 15. Rxa8
Rxa8 16. Qb3 Qc8 17. Rc1 c6 18. Nd2 Kh7 19. Qd1 Qd8 20. Nb3 Nd7 21. Ra1 Rb8 22.
Ba3 Nf6 23. Qc2 Bf7 24. e3 d5 25. cxd5 cxd5 26. d4 e4 27. Na4 b6 28. Rc1 Rb7
29. Bf1 Be8 30. Nc3 g5 31. Nd2 Ra7 32. Bb4 Ng6 33. Bh3 Bd7 34. Qd1 f4 35. Bxd7
Qxd7 36. Ra1 Rc7 37. Ra6 Rb7 38. Qf1 Qc8 39. Na4 Nd7 40. Qh3 Qc1+ 41. Nf1 Qc4
42. Qe6 Qxb4 43. Qc6 fxe3 44. fxe3 Nde5 45. dxe5 Rf7 46. e6 Rf6 47. Nc3 Qb2 48.
Ra2 Qc1 49. Rf2 Rxf2 50. Kxf2 Qxc3 51. Qxd5 Qe5 52. Qxe5 Bxe5 53. Nd2 Ne7 0-1

[Event "Chigorin Memorial 2012"]
[Site "St Petersburg RUS"]
[Date "2012.10.31"]
[Round "5"]
[White "Eliseev, U."]
[Black "Almasi, Z."]
[Result "1-0"]
[WhiteElo "2486"]
[BlackElo "2707"]
[PlyCount "113"]
[EventDate "2012.10.27"]

1. e4 c5 2. Nf3 e6 3. d4 cxd4 4. Nxd4 a6 5. Bd3 Nf6 6. O-O Qc7 7. Qe2 d6 8. f4
Nbd7 9. c4 Nc5 10. Bc2 e5 11. Nf5 Qb6 12. Kh1 g6 13. Ne3 Bg7 14. Nc3 exf4 15.
Ned5 Qd8 16. Bxf4 Nh5 17. Be3 Be5 18. g4 Ng7 19. Bf4 Bxf4 20. Rxf4 Nd7 21. Ba4
b5 22. cxb5 Ne6 23. Rf2 O-O 24. b6 Ne5 25. Nf6+ Kg7 26. Ncd5 Bb7 27. Raf1 Bxd5
28. exd5 Nc5 29. Bc6 Rb8 30. b7 Nxb7 31. b4 a5 32. b5 Nc5 33. Rf4 h6 34. Rd4 a4
35. Qd2 Rh8 36. Kg2 Qe7 37. Rf2 Rhf8 38. h3 Ncd7 39. Ne4 Nb6 40. Nf6 Rbd8 41.
Re4 Qc7 42. Qd4 Nbc4 43. Qc3 Nb6 44. h4 Qe7 45. Qe3 Rb8 46. Kf1 Rh8 47. Kg1 Qc7
48. g5 hxg5 49. hxg5 Qe7 50. Qg3 Nbc4 51. Qc3 Nb6 52. Rfe2 Qc7 53. Rxe5 dxe5
54. Rxe5 Qa7 55. Re3 Kf8 56. Qc5+ Kg7 57. Qd4 1-0

[Event "Chigorin Memorial 2012"]
[Site "St Petersburg RUS"]
[Date "2012.10.31"]
[Round "5"]
[White "Moiseenko, Va"]
[Black "Akopian, Vl"]
[Result "0-1"]
[WhiteElo "2477"]
[BlackElo "2703"]
[PlyCount "73"]
[EventDate "2012.10.27"]

1. d4 Nf6 2. Nf3 e6 3. e3 b6 4. Bd3 Bb7 5. Nbd2 c5 6. O-O cxd4 7. exd4 Be7 8.
Re1 O-O 9. Ne4 Bxe4 10. Bxe4 Nxe4 11. Rxe4 d5 12. Rg4 Nd7 13. Bh6 Bf6 14. Qd3
Re8 15. h4 e5 16. dxe5 Nxe5 17. Nxe5 Bxe5 18. Bg5 f6 19. Bh6 Re7 20. f4 Bc7 21.
f5 Qd6 22. Kf1 Rae8 23. c3 Qh2 24. Qh3 Qxh3 25. gxh3 Kf8 26. Bf4 Bxf4 27. Rxf4
Re4 28. Rf3 Rxh4 29. Rd1 Re5 30. Rd4 Rhe4 31. a4 Re1+ 32. Kf2 R5e2+ 33. Kg3
Rg1+ 34. Kf4 Re5 35. c4 Rg5 36. cxd5 Rgxf5+ 37. Kg3 0-1

[Event "Chigorin Memorial 2012"]
[Site "St Petersburg RUS"]
[Date "2012.10.31"]
[Round "5"]
[White "Shirov, A."]
[Black "Stukopin, A."]
[Result "1-0"]
[WhiteElo "2718"]
[BlackElo "2494"]
[PlyCount "107"]
[EventDate "2012.10.27"]

1. e4 c5 2. Nf3 e6 3. d4 cxd4 4. Nxd4 Nc6 5. Nc3 Qc7 6. Be3 a6 7. Qd2 Nf6 8.
O-O-O Bb4 9. f3 Ne7 10. Nde2 b5 11. Bf4 e5 12. Bg5 Bb7 13. Bxf6 gxf6 14. Qh6
Qb6 15. g3 Rd8 16. Nd5 Bxd5 17. exd5 Nf5 18. Qh5 Ne3 19. Rd3 Rc8 20. Kb1 Nxc2
21. Bh3 Rc4 22. d6 Ne1 23. Rxe1 Bxe1 24. Qh6 Rg8 25. Qxh7 Kf8 26. Bxd7 Qd8 27.
Bf5 Rc6 28. Qh6+ Ke8 29. d7+ Ke7 30. Qe3 Qb6 31. Nd4 Rd6 32. Bh7 Rxd4 33. Bxg8
Ba5 34. Rxd4 Qxd4 35. Qxd4 exd4 36. Kc2 Kxd7 37. Bxf7 Be1 38. Kd3 Bf2 39. Ke2
Bg1 40. Kf1 Be3 41. Bg6 a5 42. Bd3 b4 43. b3 Ke7 44. f4 Kf7 45. Ke2 Kg7 46. Kf3
Bg1 47. h4 Be3 48. g4 Kh6 49. g5+ Kh5 50. gxf6 Kh6 51. h5 Bd2 52. Ke4 Be1 53.
Ke5 Bg3 54. Ke6 1-0

[Event "Chigorin Memorial 2012"]
[Site "St Petersburg RUS"]
[Date "2012.11.01"]
[Round "6"]
[White "Areshchenko, A."]
[Black "Socko, B."]
[Result "1-0"]
[WhiteElo "2710"]
[BlackElo "2619"]
[PlyCount "89"]
[EventDate "2012.10.27"]

1. e4 e5 2. Nf3 Nc6 3. Bb5 a6 4. Ba4 Nf6 5. O-O b5 6. Bb3 Bb7 7. d3 Be7 8. Nc3
O-O 9. a4 b4 10. Nd5 Na5 11. Nxe7+ Qxe7 12. Ba2 d5 13. exd5 Bxd5 14. Re1 Bxf3
15. Qxf3 Qd6 16. Bg5 Rae8 17. Bxf6 Qxf6 18. Qxf6 gxf6 19. Bd5 f5 20. Re3 Kg7
21. Rae1 f6 22. f4 Rd8 23. Bf3 e4 24. dxe4 Nc4 25. Rb3 c5 26. exf5 Rd2 27. Re2
Rfd8 28. Re7+ Kf8 29. Rc7 Rxc2 30. Rxc5 Rdd2 31. h4 a5 32. Rc8+ Ke7 33. Rc7+
Kd6 34. Rc6+ Ke7 35. Re6+ Kd7 36. Rxf6 Rxb2 37. Rxb2 Rxb2 38. Rf7+ Kd6 39. Rxh7
b3 40. Rb7 Nd2 41. f6 Rc2 42. f7 Rc8 43. Bg4 Rc1+ 44. Kf2 Rf1+ 45. Ke2 1-0

[Event "Chigorin Memorial 2012"]
[Site "St Petersburg RUS"]
[Date "2012.11.01"]
[Round "6"]
[White "Swiercz, D."]
[Black "Vitiugov, N."]
[Result "1/2-1/2"]
[WhiteElo "2609"]
[BlackElo "2691"]
[PlyCount "80"]
[EventDate "2012.10.27"]

1. d4 Nf6 2. c4 e6 3. Nf3 Bb4+ 4. Bd2 a5 5. g3 d6 6. Bg2 Nbd7 7. O-O e5 8. Be3
O-O 9. a3 exd4 10. Bxd4 Bc5 11. Nc3 Re8 12. Qc2 c6 13. Rfe1 Bxd4 14. Nxd4 Nb6
15. Ne4 Nxe4 16. Bxe4 g6 17. Bg2 Qe7 18. b3 a4 19. b4 c5 20. bxc5 dxc5 21. Nf3
Bf5 22. Qc3 Rad8 23. Rac1 Qd6 24. Qb2 h6 25. Rc3 Qf6 26. Qc1 Kh7 27. Nd2 Qd4
28. Nf1 Be4 29. Ne3 Bxg2 30. Kxg2 h5 31. Qc2 Qf6 32. Rd3 Qc6+ 33. Kg1 Rd4 34.
h4 Qe6 35. Rc1 Red8 36. Rxd4 Rxd4 37. Qc3 Qe4 38. Qc2 Qe6 39. Qc3 Qe4 40. Qc2
Qe6 1/2-1/2

[Event "Chigorin Memorial 2012"]
[Site "St Petersburg RUS"]
[Date "2012.11.01"]
[Round "6"]
[White "Malakhatko, V."]
[Black "Shirov, A."]
[Result "1/2-1/2"]
[WhiteElo "2558"]
[BlackElo "2718"]
[PlyCount "84"]
[EventDate "2012.10.27"]

1. d4 Nf6 2. c4 e6 3. Nc3 Bb4 4. Qc2 O-O 5. a3 Bxc3+ 6. Qxc3 d5 7. Nf3 dxc4 8.
Qxc4 b6 9. Bg5 Ba6 10. Qa4 h6 11. Bxf6 Qxf6 12. g3 c5 13. Bg2 Bb7 14. O-O cxd4
15. Qxd4 Nc6 16. Qxf6 gxf6 17. Rfd1 Rfd8 18. Ne1 Na5 19. Bxb7 Nxb7 20. Rxd8+
Rxd8 21. Nd3 Nc5 22. Nxc5 bxc5 23. Rc1 Rd2 24. e3 Rxb2 25. Rxc5 Rb6 26. Ra5 a6
27. g4 Kg7 28. Kg2 Kg6 29. Kg3 Rc6 30. h3 f5 31. gxf5+ exf5 32. Rd5 f6 33. Ra5
h5 34. h4 Re6 35. Ra4 Rc6 36. Kf4 Re6 37. Kf3 Rb6 38. Kg3 Rc6 39. f3 Rc3 40.
Kf4 Rc6 41. Kg3 Rc3 42. Kf4 Rc6 1/2-1/2

[Event "Chigorin Memorial 2012"]
[Site "St Petersburg RUS"]
[Date "2012.11.01"]
[Round "6"]
[White "Akopian, Vl"]
[Black "Stupak, K."]
[Result "1-0"]
[WhiteElo "2703"]
[BlackElo "2520"]
[PlyCount "69"]
[EventDate "2012.10.27"]

1. c4 e5 2. Nc3 Nc6 3. Nf3 Nf6 4. g3 Bb4 5. Bg2 d6 6. Nd5 Bc5 7. O-O O-O 8. e3
Nxd5 9. cxd5 Nb4 10. d4 exd4 11. exd4 Bb6 12. Qb3 c5 13. Bg5 f6 14. dxc5 dxc5
15. d6+ Kh8 16. Bf4 Bg4 17. Rae1 Nc6 18. h3 Bh5 19. g4 Bf7 20. Qa4 Nb4 21. Re7
Bd5 22. Rd1 Bg8 23. Bg3 Nc6 24. Rxb7 Qc8 25. Rc7 Bxc7 26. dxc7 Nb4 27. Nh4 Qe8
28. Qxe8 Raxe8 29. Bb7 Bxa2 30. Bd6 Rg8 31. Bxc5 a5 32. Nf5 Bb3 33. Rd2 Re1+
34. Kh2 Rc1 35. c8=Q 1-0

[Event "Chigorin Memorial 2012"]
[Site "St Petersburg RUS"]
[Date "2012.11.01"]
[Round "6"]
[White "Almasi, Z."]
[Black "Gerasimov, I."]
[Result "1-0"]
[WhiteElo "2707"]
[BlackElo "2308"]
[PlyCount "65"]
[EventDate "2012.10.27"]

1. e4 e5 2. Nf3 Nc6 3. Bb5 Nge7 4. c3 a6 5. Ba4 g6 6. d4 exd4 7. cxd4 b5 8. Bb3
Bg7 9. d5 Na5 10. Bd2 c5 11. d6 Nec6 12. Bc3 O-O 13. Bxg7 Kxg7 14. Nc3 c4 15.
Bc2 Qf6 16. O-O b4 17. Nd5 Qxd6 18. Qd2 Rb8 19. Rad1 Qc5 20. e5 d6 21. Qg5 dxe5
22. Qf6+ Kg8 23. Ng5 b3 24. axb3 cxb3 25. Be4 Qa7 26. Rd3 Re8 27. Qf3 Re6 28.
Nf6+ Kg7 29. Nd7 Nd8 30. Nxe6+ Nxe6 31. Qf6+ Kg8 32. Nxb8 Qxb8 33. Rfd1 1-0

[Event "Chigorin Memorial 2012"]
[Site "St Petersburg RUS"]
[Date "2012.11.02"]
[Round "7"]
[White "Areshchenko, A."]
[Black "Demchenko, A."]
[Result "1/2-1/2"]
[WhiteElo "2710"]
[BlackElo "2610"]
[PlyCount "81"]
[EventDate "2012.10.27"]

1. e4 e5 2. Nf3 Nc6 3. Bb5 Nf6 4. d3 Bc5 5. c3 O-O 6. O-O d6 7. Bg5 h6 8. Bh4
g5 9. Bg3 Nh5 10. Nbd2 Qf6 11. Kh1 Ne7 12. d4 exd4 13. Nxd4 Nf4 14. Bxf4 gxf4
15. N2f3 Ng6 16. h3 Ne5 17. Bd3 Kh8 18. Nxe5 dxe5 19. Nf5 Bxf5 20. exf5 Rad8
21. Qe2 Rd7 22. Rae1 Bb6 23. Be4 c6 24. Rd1 Rfd8 25. Kg1 Rxd1 26. Rxd1 Rxd1+
27. Qxd1 Kg7 28. Kf1 Qh4 29. Qe2 a5 30. a3 Kf8 31. Bf3 Qf6 32. Qd3 Qd8 33.
Qxd8+ Bxd8 34. Ke2 Ke7 35. Be4 Kd6 36. b4 axb4 37. axb4 b5 38. f3 h5 39. Bc2 h4
40. Bb3 f6 41. Kd3 1/2-1/2

[Event "Chigorin Memorial 2012"]
[Site "St Petersburg RUS"]
[Date "2012.11.02"]
[Round "7"]
[White "Swiercz, D."]
[Black "Akopian, Vl"]
[Result "1/2-1/2"]
[WhiteElo "2609"]
[BlackElo "2703"]
[PlyCount "94"]
[EventDate "2012.10.27"]

1. e4 e5 2. Nf3 Nc6 3. Bb5 Nf6 4. d3 Bc5 5. c3 O-O 6. O-O d6 7. Re1 Bb6 8. h3
Ne7 9. Nbd2 c6 10. Ba4 Ng6 11. Nf1 d5 12. Ng3 h6 13. Be3 dxe4 14. dxe4 Be6 15.
Bb3 Qxd1 16. Raxd1 Bxb3 17. axb3 Rfd8 18. Rxd8+ Rxd8 19. Bxb6 axb6 20. Nf5 Kf8
21. g3 b5 22. b4 Ne8 23. Kf1 f6 24. Ke2 Ne7 25. N3h4 Nxf5 26. Nxf5 h5 27. Rd1
Rxd1 28. Kxd1 g6 29. Ne3 Nd6 30. f3 Nc4 31. Nxc4 bxc4 32. Kd2 h4 33. g4 Ke7 34.
Kc2 Kf8 35. Kd2 Kf7 36. Ke3 Ke6 37. f4 exf4+ 38. Kxf4 g5+ 39. Ke3 Ke5 40. Kf3
Kd6 41. Ke3 Ke5 42. Kf3 b6 43. Ke3 b5 44. Kf3 Kd6 45. Ke3 Ke5 46. Kf3 Kd6 47.
Ke3 Ke5 1/2-1/2

[Event "Chigorin Memorial 2012"]
[Site "St Petersburg RUS"]
[Date "2012.11.02"]
[Round "7"]
[White "Vitiugov, N."]
[Black "Jumabayev, R."]
[Result "1/2-1/2"]
[WhiteElo "2691"]
[BlackElo "2545"]
[PlyCount "106"]
[EventDate "2012.10.27"]

1. d4 Nf6 2. c4 e6 3. Nc3 Bb4 4. Qc2 O-O 5. a3 Bxc3+ 6. Qxc3 d5 7. Nf3 dxc4 8.
Qxc4 b6 9. Bg5 Ba6 10. Qa4 h6 11. Bh4 Bb7 12. e3 Nbd7 13. Rd1 c5 14. Be2 Qc8
15. Ne5 cxd4 16. Qxd4 Nxe5 17. Qxe5 Ne4 18. f3 Qc5 19. Qxc5 Nxc5 20. b4 Na4 21.
Rd7 Bc6 22. Rd6 Bb7 23. e4 Rfc8 24. O-O a6 25. Bd1 b5 26. Bb3 Rc3 27. Rb1 Rac8
28. Be1 R3c7 29. Rbd1 Nb2 30. Rd8+ Rxd8 31. Rxd8+ Kh7 32. Kf2 Nc4 33. Bxc4 bxc4
34. Bc3 f6 35. e5 Kg6 36. Ke3 Bc6 37. Rf8 Rd7 38. Bd4 f5 39. g4 fxg4 40. fxg4
Rf7 41. Rxf7 Kxf7 42. Bc3 Ke7 43. h4 Ba4 44. Kd4 Kd7 45. Kc5 Kc7 46. Bd2 Bd1
47. g5 hxg5 48. hxg5 g6 49. b5 axb5 50. Kxb5 Be2 51. Kc5 Kb7 52. a4 Ka6 53. Kd6
Bg4 1/2-1/2

[Event "Chigorin Memorial 2012"]
[Site "St Petersburg RUS"]
[Date "2012.11.02"]
[Round "7"]
[White "Shirov, A."]
[Black "Cori, J."]
[Result "1-0"]
[WhiteElo "2718"]
[BlackElo "2522"]
[PlyCount "71"]
[EventDate "2012.10.27"]

1. e4 e5 2. Nf3 Nc6 3. Bb5 Nf6 4. O-O Nxe4 5. d4 Nd6 6. Bxc6 dxc6 7. dxe5 Nf5
8. Qxd8+ Kxd8 9. Nc3 Ke8 10. h3 b6 11. Rd1 Bb7 12. Bf4 Rc8 13. e6 fxe6 14. Ng5
Bd6 15. Bxd6 Nxd6 16. Rd3 Ba6 17. Re3 Kd7 18. Rd1 Rcf8 19. Nxe6 Rf7 20. Ne4 Bc4
21. Nd4 c5 22. Nf3 Re8 23. b3 Bb5 24. Nxd6 cxd6 25. Ne5+ Rxe5 26. Rxe5 Bc6 27.
c4 a5 28. f3 a4 29. Kf2 g6 30. Rd2 Rf8 31. Re3 Rf7 32. bxa4 Rf4 33. Red3 d5 34.
cxd5 Bxa4 35. d6 c4 36. Re3 1-0

[Event "Chigorin Memorial 2012"]
[Site "St Petersburg RUS"]
[Date "2012.11.02"]
[Round "7"]
[White "Hayrapetyan, Ho"]
[Black "Almasi, Z."]
[Result "1/2-1/2"]
[WhiteElo "2450"]
[BlackElo "2707"]
[PlyCount "94"]
[EventDate "2012.10.27"]

1. d4 Nf6 2. c4 e6 3. Nf3 b6 4. g3 Ba6 5. b3 Bb4+ 6. Bd2 Be7 7. Bg2 c6 8. Bc3
d5 9. Ne5 Nfd7 10. Nxd7 Nxd7 11. Nd2 O-O 12. O-O Nf6 13. Re1 c5 14. e4 cxd4 15.
Bxd4 dxc4 16. Nxc4 Bxc4 17. bxc4 Qc7 18. e5 Rad8 19. exf6 Bxf6 20. Bd5 Bxd4 21.
Qxd4 exd5 22. cxd5 Rd6 23. Rad1 Rfd8 24. Rd2 h6 25. Qe4 Qd7 26. Red1 Re8 27.
Qd4 Qf5 28. Qa4 Re7 29. Qb4 Red7 30. Qc4 Re7 31. Qb4 Qd7 32. Qf4 f6 33. Kg2 Re5
34. Qc4 Kh8 35. h4 Kh7 36. Rd4 Qf5 37. Rf4 Qd7 38. Rfd4 f5 39. Qd3 Qf7 40. Qf3
Qd7 41. Qd3 b5 42. Qf3 a5 43. Qd3 Kh8 44. Qd2 Qd8 45. Qd3 Qd7 46. Qd2 Qd8 47.
Qd3 Qd7 1/2-1/2

[Event "Chigorin Memorial 2012"]
[Site "St Petersburg RUS"]
[Date "2012.11.03"]
[Round "8"]
[White "Shimanov, A."]
[Black "Areshchenko, A."]
[Result "1/2-1/2"]
[WhiteElo "2599"]
[BlackElo "2710"]
[PlyCount "81"]
[EventDate "2012.10.27"]

1. d4 Nf6 2. c4 g6 3. Nf3 Bg7 4. Nc3 d5 5. Bf4 O-O 6. e3 c5 7. dxc5 Qa5 8. Rc1
dxc4 9. Bxc4 Qxc5 10. Bb3 Nc6 11. O-O Qa5 12. h3 Bf5 13. Qe2 Ne4 14. Nxe4 Bxe4
15. Rfd1 h6 16. Rd7 Rac8 17. Rcd1 Qb4 18. R7d2 a6 19. Bc2 Bxc2 20. Rxc2 e5 21.
Bg3 Rcd8 22. Rxd8 Rxd8 23. Nd2 f5 24. f3 Qd6 25. a3 Kh7 26. Be1 h5 27. Nc4 Qe6
28. Na5 Nxa5 29. Bxa5 Rd5 30. Bc3 Qd6 31. Rd2 e4 32. Rxd5 Qxd5 33. fxe4 fxe4
34. Bxg7 Kxg7 35. Qc2 g5 36. Qc7+ Kf6 37. Qc3+ Ke6 38. Kf2 h4 39. Ke1 a5 40. b3
Kd6 41. Qf6+ 1/2-1/2

[Event "Chigorin Memorial 2012"]
[Site "St Petersburg RUS"]
[Date "2012.11.03"]
[Round "8"]
[White "Vitiugov, N."]
[Black "Hovhannisyan, R."]
[Result "1/2-1/2"]
[WhiteElo "2691"]
[BlackElo "2610"]
[PlyCount "158"]
[EventDate "2012.10.27"]

1. d4 d5 2. c4 c6 3. Nf3 Nf6 4. Nc3 e6 5. Bg5 h6 6. Bh4 dxc4 7. e4 g5 8. Bg3 b5
9. Be2 b4 10. Na4 Nxe4 11. Be5 Nf6 12. h4 g4 13. Nd2 Nbd7 14. Nxc4 Ba6 15. Qc2
Bxc4 16. Qxc4 Rc8 17. Rc1 Nxe5 18. dxe5 Nd7 19. Qxg4 Nxe5 20. Qg3 Ng6 21. Qe3
Bg7 22. Rc4 Ne7 23. O-O Nf5 24. Qh3 O-O 25. Bd3 Nd6 26. Rxb4 c5 27. Rg4 f5 28.
Rg6 Rf6 29. Rxf6 Qxf6 30. Qe3 e5 31. Rc1 c4 32. Bf1 Qf7 33. Rd1 Ne4 34. Nc3
Nxc3 35. bxc3 e4 36. g3 Kh8 37. Rd6 Rf8 38. Qf4 Re8 39. Rc6 Qe7 40. Bxc4 e3 41.
Re6 exf2+ 42. Qxf2 Qf8 43. Qxa7 Rxe6 44. Bxe6 Bxc3 45. Qd7 Bf6 46. Bxf5 Qe7 47.
Qc8+ Qd8 48. Qc2 Qd4+ 49. Kg2 Qb2 50. Kf3 Qxc2 51. Bxc2 Kg7 52. a4 Bd8 53. Bf5
h5 54. Bd7 Bc7 55. Be8 Kh6 56. Bf7 Ba5 57. Kf2 Bc7 58. Kg2 Ba5 59. Kh2 Bb4 60.
Be8 Ba5 61. Kh3 Be1 62. Bf7 Ba5 63. Bxh5 Kxh5 64. g4+ Kg6 65. Kg2 Be1 66. h5+
Kg5 67. Kf3 Bd2 68. Ke2 Ba5 69. Kd3 Be1 70. Kc4 Bd2 71. Kd3 Be1 72. Ke4 Bd2 73.
Kd4 Kxg4 74. Kd3 Bf4 75. Ke4 Bd2 76. h6 Bxh6 77. a5 Bf4 78. a6 Bb8 79. a7 Bxa7
1/2-1/2

[Event "Anatoly Karpov Trophy 2012"]
[Site "Cap d'Adge/FRA"]
[Date "2012.11.03"]
[Round "2.7"]
[White "Karpov, Anatoly"]
[Black "Ivanchuk, Vassily"]
[Result "1/2-1/2"]
[WhiteElo "2616"]
[BlackElo "2771"]
[Annotator "Robot 3"]
[PlyCount "89"]
[EventDate "2012.??.??"]

1. d4 Nf6 2. c4 d5 3. Nc3 g6 4. cxd5 Nxd5 5. e4 Nxc3 6. bxc3 c5 7. Be3 Bg7 8.
Qd2 cxd4 9. cxd4 Nc6 10. Rd1 O-O 11. Nf3 Bg4 12. Be2 Qa5 13. O-O Rac8 14. h3
Bxf3 15. Bxf3 Qxd2 16. Rxd2 Na5 17. Bg5 Bf6 18. Bh6 Bg7 19. Bxg7 Kxg7 20. e5
Rfd8 21. d5 f6 22. exf6+ Kxf6 23. Re2 Rd6 24. Rfe1 Rc7 25. h4 Nc4 26. g4 Nb6
27. Re6+ Rxe6 28. Rxe6+ Kf7 29. g5 Nc4 30. h5 Nd6 31. h6 Rc2 32. Re3 Rc4 33.
Kg2 a5 34. Kh3 Nf5 35. Rd3 Rh4+ 36. Kg2 Rf4 37. Kh3 b5 38. a3 b4 39. axb4 axb4
40. Bg4 Rxf2 41. Bxf5 Rxf5 42. Kg4 Ke8 43. Rd4 b3 44. Kg3 Kf7 45. Kg2 1/2-1/2

[Event "Chigorin Memorial 2012"]
[Site "St Petersburg RUS"]
[Date "2012.11.04"]
[Round "9"]
[White "Areshchenko, A."]
[Black "Lenderman, A."]
[Result "1-0"]
[WhiteElo "2710"]
[BlackElo "2614"]
[PlyCount "203"]
[EventDate "2012.10.27"]

1. e4 c6 2. Nc3 d5 3. Nf3 dxe4 4. Nxe4 Nf6 5. Qe2 Nxe4 6. Qxe4 Qd5 7. Qh4 Qe6+
8. Be2 Qg4 9. Qg3 Qxg3 10. hxg3 Nd7 11. g4 Nb6 12. Ne5 g6 13. b3 Bg7 14. Bb2
Nd5 15. O-O-O g5 16. g3 f6 17. Nd3 b6 18. c4 Nc7 19. Bf3 Bb7 20. Nb4 Kd7 21.
Rde1 a5 22. Nc2 e6 23. Re3 Rad8 24. Nd4 Bf8 25. Be4 Bc5 26. Rf3 Ne8 27. Re1 Ba8
28. Re2 Rf8 29. Rd3 Nd6 30. Bxh7 Bxd4 31. Bxd4 c5 32. Bc3 e5 33. Be4 Bxe4 34.
Rxe4 Kc6 35. Re1 Nf7 36. Rxd8 Rxd8 37. Rh1 Kd6 38. Kc2 Ke6 39. d3 Ra8 40. Kd2
Rd8 41. Ke3 Rg8 42. f3 Rd8 43. a3 Ra8 44. Rh2 Rd8 45. b4 axb4 46. axb4 Ra8 47.
Rb2 Nd6 48. bxc5 bxc5 49. Rb6 Kd7 50. Bb2 Kc7 51. Rb3 Rh8 52. Bc3 Kc6 53. Ra3
Kb7 54. Ra5 Kb6 55. Ra2 Kb7 56. Be1 Kb6 57. Bf2 Re8 58. Ra1 Rh8 59. Ra3 Re8 60.
Ra2 Rh8 61. Ra1 Kb7 62. Ke2 Kb6 63. Kf1 Rh1+ 64. Bg1 Rh8 65. Kg2 Rd8 66. Be3
Re8 67. Rh1 Nf7 68. Rb1+ Kc6 69. Rb5 Ra8 70. Rxc5+ Kd7 71. Rb5 Nd6 72. Rb3 Ra2+
73. Kf1 Ra1+ 74. Ke2 Ra2+ 75. Kf1 Ra1+ 76. Kg2 Ra2+ 77. Bf2 Kc7 78. Kf1 Ra1+
79. Be1 Nb7 80. Ke2 Nc5 81. Rc3 Ra2+ 82. Kd1 Ra1+ 83. Rc1 Ra2 84. Rc2 Ra1+ 85.
Ke2 Nb3 86. Bf2 Ra3 87. Be3 Kc6 88. Rb2 Nd4+ 89. Bxd4 exd4 90. f4 Ra1 91. fxg5
fxg5 92. Kf3 Re1 93. Re2 Rd1 94. Ke4 Kc5 95. Rb2 Re1+ 96. Kf5 Re3 97. Rb5+ Kc6
98. Rd5 Rxd3 99. Kxg5 Rd1 100. Kg6 d3 101. g5 d2 102. Kg7 1-0

[Event "Chigorin Memorial 2012"]
[Site "St Petersburg RUS"]
[Date "2012.11.04"]
[Round "9"]
[White "Kovalyov, A."]
[Black "Akopian, Vl"]
[Result "0-1"]
[WhiteElo "2593"]
[BlackElo "2703"]
[PlyCount "102"]
[EventDate "2012.10.27"]

1. Nf3 c5 2. c4 Nc6 3. Nc3 Nf6 4. d4 cxd4 5. Nxd4 e6 6. a3 Be7 7. e4 O-O 8. Nf3
Qc7 9. Be2 b6 10. O-O Bb7 11. Bg5 Rad8 12. Re1 h6 13. Bh4 d6 14. Bf1 Ne5 15.
Nd4 Qb8 16. Bg3 Qa8 17. Qe2 Rc8 18. b3 a6 19. Rac1 Rfe8 20. h3 Ned7 21. b4 Ne5
22. Bxe5 dxe5 23. Nf3 a5 24. Ra1 Ba6 25. b5 Bb7 26. Nxe5 Qb8 27. Nc6 Bxc6 28.
bxc6 Qe5 29. Nb5 Rxc6 30. Rad1 Bc5 31. Kh1 Rcc8 32. g3 Rcd8 33. Bg2 Qh5 34.
Qxh5 Nxh5 35. Bf3 Bxf2 36. Bxh5 Bxe1 37. Rxe1 Rd3 38. Kg2 Red8 39. Kf2 Rd2+ 40.
Be2 R8d3 41. Rc1 Rb3 42. Rc3 a4 43. Ke3 Rbb2 44. Bf3 Rh2 45. h4 e5 46. Bd1 Rhg2
47. Kf3 Rbf2+ 48. Ke3 Rb2 49. Kf3 h5 50. c5 bxc5 51. Bxa4 Rbe2 0-1

[Event "Chigorin Memorial 2012"]
[Site "St Petersburg RUS"]
[Date "2012.11.04"]
[Round "9"]
[White "Savchenko, B."]
[Black "Vitiugov, N."]
[Result "1-0"]
[WhiteElo "2540"]
[BlackElo "2691"]
[PlyCount "113"]
[EventDate "2012.10.27"]

1. e4 c6 2. d4 d5 3. Nc3 dxe4 4. Nxe4 Bf5 5. Ng3 Bg6 6. Nh3 Nd7 7. Nf4 Ngf6 8.
Bc4 Qc7 9. Bb3 e6 10. h4 Bd6 11. Qf3 O-O-O 12. h5 Bf5 13. Nxf5 Qa5+ 14. Ke2
Qxf5 15. Nd3 Qxf3+ 16. gxf3 Kb8 17. Be3 Rc8 18. f4 Rhf8 19. Rag1 g6 20. hxg6
hxg6 21. c3 Nd5 22. Ne5 N7f6 23. Kf3 Ne7 24. Bd2 Rcd8 25. Bc2 c5 26. Be3 Ned5
27. Rd1 cxd4 28. Bxd4 Rc8 29. Bb3 Bc5 30. f5 Bxd4 31. Rxd4 gxf5 32. Bxd5 exd5
33. Kf4 Rg8 34. Kxf5 Ne8 35. Rxd5 Rg2 36. Rd2 f6 37. Nd7+ Kc7 38. Rh7 Kc6 39.
Nxf6 Nxf6 40. Rh6 Rcg8 41. Rxf6+ Kc7 42. Rf7+ Kc6 43. Ke6 R8g6+ 44. Ke7 Kc7 45.
Rd4 a6 46. Re4 Rh2 47. a4 Rb6 48. Rc4+ Kb8 49. b4 Rg6 50. a5 Rhh6 51. f4 Re6+
52. Kf8 Rc6 53. Rxc6 Rxc6 54. f5 Rxc3 55. Re7 Rf3 56. Re5 Kc7 57. Ke7 1-0